Les mesures officielles de surveillance en procédure pénale

Gespeichert in:  
Bibliographische Detailangaben
1. VerfasserIn: Bentivegni, Astrid von 19XX- (Verfasst von)
Medienart: Druck Buch
Sprache:Französisch
Veröffentlicht: [Erscheinungsort nicht ermittelbar] 1986
In:Jahr: 1986
Bestand in Tübingen:In Tübingen vorhanden.
UB: US 88.2858
Verfügbarkeit prüfen: HBZ Gateway
Subito Bestelldienst: Jetzt bestellen.
Schlagwörter:

MARC

LEADER 00000cam a2200000 c 4500
001 1084350181
003 DE-627
005 20260206201419.0
007 tu
008 880721s1986 xx ||||| m 00| ||fre c
035 |a (DE-627)1084350181 
035 |a (DE-603)008269386 
035 |a (DE-576)014350181 
035 |a (DE-599)BSZ014350181 
035 |a (OCoLC)256041917 
035 |a (OCoLC)611741655 
035 |a (DE-604)801043609x 
040 |a DE-627  |b ger  |c DE-627  |e rakwb 
041 |a fre 
100 1 |8 1\p  |a Bentivegni, Astrid von  |d 19XX-  |0 (DE-588)1263519032  |0 (DE-627)1811486746  |4 aut 
109 |a Bentivegni, Astrid von 19XX- 
245 1 4 |a Les mesures officielles de surveillance en procédure pénale  |c par Astrid von Bentivegni 
264 1 |a [Erscheinungsort nicht ermittelbar]  |c 1986 
300 |a 199 S. 
336 |a Text  |b txt  |2 rdacontent 
337 |a ohne Hilfsmittel zu benutzen  |b n  |2 rdamedia 
338 |a Band  |b nc  |2 rdacarrier 
502 |a Lausanne, Univ., Diss., 1986 
583 1 |a Archivierung prüfen  |c 20200919  |f DE-640  |z 3  |2 pdager 
650 0 7 |0 (DE-588)4134175-2  |0 (DE-627)105674656  |0 (DE-576)209650079  |a Überwachung  |2 gnd 
650 0 7 |0 (DE-588)4116634-6  |0 (DE-627)105805297  |0 (DE-576)209503203  |a Strafverfahren  |2 gnd 
650 0 7 |0 (DE-588)4121763-9  |0 (DE-627)105767247  |0 (DE-576)20954595X  |a Telefonüberwachung  |2 gnd 
651 7 |0 (DE-588)4053881-3  |0 (DE-627)104584904  |0 (DE-576)20910614X  |a Schweiz  |2 gnd 
655 7 |a Hochschulschrift  |0 (DE-588)4113937-9  |0 (DE-627)105825778  |0 (DE-576)209480580  |2 gnd-content 
689 0 0 |d g  |0 (DE-588)4053881-3  |0 (DE-627)104584904  |0 (DE-576)20910614X  |a Schweiz  |2 gnd 
689 0 1 |d s  |0 (DE-588)4116634-6  |0 (DE-627)105805297  |0 (DE-576)209503203  |a Strafverfahren  |2 gnd 
689 0 2 |d s  |0 (DE-588)4134175-2  |0 (DE-627)105674656  |0 (DE-576)209650079  |a Überwachung  |2 gnd 
689 0 |5 (DE-627) 
689 1 0 |d g  |0 (DE-588)4053881-3  |0 (DE-627)104584904  |0 (DE-576)20910614X  |a Schweiz  |2 gnd 
689 1 1 |d s  |0 (DE-588)4121763-9  |0 (DE-627)105767247  |0 (DE-576)20954595X  |a Telefonüberwachung  |2 gnd 
689 1 2 |d s  |0 (DE-588)4116634-6  |0 (DE-627)105805297  |0 (DE-576)209503203  |a Strafverfahren  |2 gnd 
689 1 |5 (DE-627) 
751 |a Lausanne  |0 (DE-588)4034750-3  |0 (DE-627)104675217  |0 (DE-576)209008733  |4 uvp 
883 |8 1\p  |a cgwrk  |d 20241001  |q DE-101  |u https://d-nb.info/provenance/plan#cgwrk 
935 |h HEB  |i 0501 
935 |h HEB  |i 0503 
951 |a BO 
ELC |b 1 
LOK |0 000 xxxxxcx a22 zn 4500 
LOK |0 001 2108245251 
LOK |0 003 DE-627 
LOK |0 004 1084350181 
LOK |0 005 19880906000000 
LOK |0 008 880721||||||||||||||||ger||||||| 
LOK |0 040   |a DE-21  |c DE-627  |d DE-21 
LOK |0 852   |a DE-21 
LOK |0 852 1  |c US 88.2858  |9 00 
LOK |0 935   |a krim 
LOK |0 939   |a 21-07-88  |b l01 
ORI |a SA-MARC-krimdoka001.raw 
SIG |a UB: US 88.2858